Statistics for Guess the kpop song by the english lyric

Click here to take the quiz!

General Stats

  • This quiz has been taken 54 times
  • The average score is 2 of 15

Answer Stats

HintAnswer% Correct
My friends don't understand me, noCan't you see me
72%
I don't think soObsession
32%
Zoom in here, 'Cause I'm the captainSay my name
17%
( So if you wanna hurt me )Shoot me
17%
Catch me on fire, huhFantastic baby
13%
i feel the light, I feel the lightLevanter
11%
Please give me one more chanceYou calling my name
9%
Poppin your head likeCherry bomb
6%
Uh no matter what they sayIce age
6%
But "Nevermind" like CobainMayday
6%
You know how I feel ( Turn up)Mic drop
6%
I better tell somebodyOh My!
6%
When the golden age beginsGold
4%
I'll be your, I'll be your ValentineBlind for your love
2%
Let's hit the bassSuper clap
0%

Score Distribution

Percentile by Number Answered

Percent of People with Each Score

Your Score History

You have not taken this quiz